Impact of pension system structure on international financial capital allocation (Registro nro. 49977)
[ vista simple ]
| 000 -CABECERA | |
|---|---|
| Longitud fija campo de control | 01102naa a2200277 c 4500 |
| 001 - NÚMERO DE CONTROL | |
| Número de control | 49977 |
| 003 - IDENTIFICADOR DE NÚMERO DE CONTROL | |
| Identificador del número de control | ES-MaCES |
| 005 - FECHA Y HORA DE LA ÚLTIMA TRANSACCIÓN | |
| Fecha y hora de la última transacción | 20170928131927.0 |
| 008 - CAMPO FIJO DE DESCRIPCIÓN FIJA--INFORMACIÓN GENERAL | |
| Códigos de información de longitud fija | 170928s2017 ne ||||| t||||||| ||eng d |
| 040 ## - FUENTE DE CATALOGACIÓN | |
| Centro catalogador de origen | ES-MaCES |
| Lengua de catalogación | spa |
| Centro transcriptor | ES-MaCES |
| Centro modificado | ES-MaCES |
| 100 ## - ENCABEZAMIENTO PRINCIPAL--NOMBRE PERSONAL | |
| 9 (RLIN) | 38575 |
| Nombre de persona | Straveley O'Carroll, James |
| 245 10 - MENCIÓN DE TÍTULO | |
| Título | Impact of pension system structure on international financial capital allocation |
| Mención de responsabilidad, etc. | James Straveley-O'Carroll, Olena M. Staveley-O'Carroll |
| 500 ## - NOTA GENERAL | |
| Nota general | Resumen |
| 504 ## - NOTA DE BIBLIOGRAFÍA, ETC. | |
| Nota de bibliografía, etc. | Bibliografía: p. 21-22 |
| 650 #4 - ASIENTO SECUNDARIO DE MATERIA--TÉRMINO DE MATERIA | |
| 9 (RLIN) | 28360 |
| Término de materia o nombre geográfico como elemento inicial | jubilación |
| 650 #4 - ASIENTO SECUNDARIO DE MATERIA--TÉRMINO DE MATERIA | |
| 9 (RLIN) | 27042 |
| Término de materia o nombre geográfico como elemento inicial | régimen de pensión |
| 650 #4 - ASIENTO SECUNDARIO DE MATERIA--TÉRMINO DE MATERIA | |
| 9 (RLIN) | 28076 |
| Término de materia o nombre geográfico como elemento inicial | gasto público |
| 650 #4 - ASIENTO SECUNDARIO DE MATERIA--TÉRMINO DE MATERIA | |
| 9 (RLIN) | 30265 |
| Término de materia o nombre geográfico como elemento inicial | financiación de la seguridad social |
| 650 #4 - ASIENTO SECUNDARIO DE MATERIA--TÉRMINO DE MATERIA | |
| 9 (RLIN) | 28150 |
| Término de materia o nombre geográfico como elemento inicial | mercado financiero |
| 650 #4 - ASIENTO SECUNDARIO DE MATERIA--TÉRMINO DE MATERIA | |
| 9 (RLIN) | 28140 |
| Término de materia o nombre geográfico como elemento inicial | inversiones de capital |
| 653 10 - TÉRMINO DE INDEXACIÓN--NO CONTROLADO | |
| Término no controlado | Financiación |
| 700 ## - ENCABEZAMIENTO SECUNDARIO--NOMBRE PERSONAL | |
| 9 (RLIN) | 38576 |
| Nombre de persona | Staveley O'Carroll, Olena M. |
| 773 0# - ENTRADA DE DOCUMENTO FUENTE | |
| Itemnumber del ítem fuente | 86281 |
| Lugar, editor y fecha de publicación | Amsterdam (P.O. Box 211, 1000 AE) Elsevier Science |
| Otro identificador del documento | 089178 |
| Título | European economic review |
| Número de control del registro relacionado | (ES-MaCES)25173 |
| Parte(s) relacionada(s) | vol. 95 (June 2017) {10156 R. 089178} ;p. 1-22 |
| 902 ## - CES. TIPO DE DOCUMENTO | |
| Tipodoc (006$c Sirtex) | ART Artículo de revista |
| 942 ## - ELEMENTOS KOHA | |
| Fuente de clasificaión o esquema | Clasificación propia del CES |
| Koha [por defecto] tipo de item | Artículos (1982-2017) |
| Parte de clasificación | Economía |
No hay ítems disponibles.
